Guess the Anime - Statistics

General Stats
  • This quiz has been taken 139 times
  • The average score is 5 of 10
Answer Stats
Hint Answer % Correct
Pirates one piece
97%
Hokage naruto
92%
Fingers jujutsu kaisen
87%
One for all my hero academia
82%
Deaf girl silent voice
44%
Return by death re zero
42%
Salamander fairy tail
31%
I am atomic eminence in shadow
27%
This is Exhilerating dr stone
24%
Perfect human classroom of the elite
10%
No matching quizzes found
Score Distribution
Percent of People with Each Score
Percentile by Number Answered
Your Score History
You have not taken this quiz